Ruas da Vila São Pedro (São Bernardo do Campo) - Statistics

Estatísticas Gerais
  • Esse quiz foi jogado 6 vezes
    5 desde o último reset
  • A pontuação média é 38 de 111
Estatísticas das Respostas
Respostas % Correto
Avilã
100%
Chico Mendes
100%
Da Bica
100%
Das Estrelas
100%
Dom Pedro de Alcântara
100%
Dos Amigos
100%
Flor de Maio
100%
Nelson Mandela
100%
Oleoduto
100%
Padre Jósimo Taváres
100%
Primeiro de Maio
100%
Santo Antônio
100%
São Pedro
100%
Tertuliano Junior
100%
Bahia
67%
Beira Rio
67%
Califórnia
67%
Ceará
67%
Central
67%
Da Comunidade
67%
Da Lua
67%
Das Rosas
67%
Dezoito de Outubro
67%
Dos Pássaros
67%
Havai
67%
Javanes
67%
João XXIII
67%
Nova York
67%
Peruíbe
67%
Rosa
67%
Santa Cruz
67%
São Francisco
67%
São Geraldo
67%
São José
67%
Vasco da Gama
67%
Vinte de Seis de Maio
67%
Alto da Bela Vista
33%
Ana Maria
33%
Bandeirantes
33%
Boa Vista
33%
Bueno Vilela
33%
Da Bondade
33%
Da Chácara
33%
Daniela Peres
33%
Da Prosperidade
33%
Das Graças
33%
Do Sol
33%
Dos Pioneiros
33%
Frei Damião
33%
Irajá
33%
Jerônimo dos Santos
33%
Joana D'arc
33%
Padre Léo Comissari
33%
Primeiro de Agosto
33%
Princesa Isabel
33%
Quinze de Novembro
33%
São João Del Rei
33%
São Tomé
33%
Tributino Nunes
33%
Ubirajara
33%
União
33%
Vinte e Nove de Junho
33%
Vinte e Oito de Agosto
33%
Antônio Gusmão Fontes
0%
Belém
0%
Benfica
0%
Catanduva
0%
Chico Xavier
0%
Cinco de Outubro
0%
Constituinte
0%
Da Árvore
0%
Das Chácaras
0%
Dos Unidos
0%
Dr. Antônio Carlos Camargo Ferrari
0%
Dr. Roque
0%
Floral
0%
Gilardi Roseiro
0%
Gino Bruno
0%
Gonçalo Pires
0%
Guimarães Rosa
0%
Isídio
0%
José Antônio Da Silva
0%
Juscelino Kubitschek
0%
Las Vegas
0%
Luiz Gonzaga
0%
Manoel Gusmão Fontes
0%
Maria Erminia de Jesus
0%
Maringá
0%
Monte das Oliveiras
0%
Nascer do Sol
0%
Nícola Ciola
0%
Padre Ângelo Ceronni
0%
Paraíso
0%
Paraná
0%
Pastor José Ferreira de Souza
0%
Resende
0%
Rubim
0%
Sales
0%
Samuel Reis de Oliveira
0%
São Judas Tadeu
0%
São Paulo
0%
São Raimundo
0%
São Roque
0%
São Sepé
0%
Sete de Setembro
0%
Tancredo Neves
0%
Trinta e Um de Agosto
0%
Vinte e Cinco de Julho
0%
Vinte e Nove de Abril
0%
Vinte e Oito de Abril
0%
Vinte e Um de Abril
0%
Nenhum quiz correspondente encontrado
Distribuição das Pontuações
Porcentagem de Pessoas com Cada Pontuação
Percentil de Números Respondidos
Sua Pontuação Histórica
Você não jogou esse quiz desde o último reset